| 000 | 00756 a2200181 4500 | ||
|---|---|---|---|
| 003 | Nust | ||
| 005 | 20221130093925.0 | ||
| 040 | _cNust | ||
| 082 | _a621.38152,WRI | ||
| 100 |
_aD. A. Wright. _9103806 |
||
| 245 |
_aSemi-conductors / _c D. A. Wright |
||
| 260 |
_aMethuen _bLondon, _c1966 |
||
| 300 |
_aix, 134 p _billus _c19 cm |
||
| 505 | _aElectrons and Metals (Page-1), Electrons in Crystals (Page-24), Electron Emission From Semi-Conductors (Page-51), Determination of Electron Density in Semi-Conductors (Page-69), Secondary Emission (Page-78), Metal-Semi-Conductor Contacts (Page-98), Thermionic Cathodes (Page-114), Photo-Electric Cathodes (Page-128). | ||
| 600 |
_a D. A. Wright _9103807 |
||
| 650 |
_aSemi-conductors _9103808 |
||
| 942 |
_2ddc _cBK |
||
| 999 |
_c182293 _d182293 |
||